000 00544nam a2200193 a 4500
005 20240919064544.0
008 040217s2001 mx r 000 0 spa d
020 _a848316423X
035 _aUPN01000131955
049 _aCG
050 4 _aGE70
_bG7.4
110 2 _aGrupo Entorno
245 1 0 _aEcología, desarrollo y solidaridad /
_cGrupo Entorno.
260 _aMadrid :
_bCCS :
_bICCE,
_c2001.
300 _a76 p.
440 0 _aCuadernos de educación para la acción social ;
_v9
650 4 _aEducación ambiental
_94338
905 _aLibro
999 _c104110
_d104110